1967 steam charts (Record no. 20544)

000 -LEADER
fixed length control field 00500nam a22001931 4500
001 - CONTROL NUMBER
control field 20544
003 - CONTROL NUMBER IDENTIFIER
control field BD-DhUET
008 - FIXED-LENGTH DATA ELEMENTS--GENERAL INFORMATION
fixed length control field 700914s1968 nyua 000 0 eng
020 ## - INTERNATIONAL STANDARD BOOK NUMBER
International Standard Book Number 0713130458
040 ## - CATALOGING SOURCE
Original cataloging agency DLC
Transcribing agency DLC
Modifying agency BD-DhUET
082 ## - DEWEY DECIMAL CLASSIFICATION NUMBER
Classification number 621.101084
Item number ELE/1967
110 ## - MAIN ENTRY--CORPORATE NAME
Corporate name or jurisdiction name as entry element Electrical Research Association
245 10 - TITLE STATEMENT
Title 1967 steam charts
250 ## - EDITION STATEMENT
Edition statement 1st ed.
260 ## - PUBLICATION, DISTRIBUTION, ETC. (IMPRINT)
Place of publication, distribution, etc. London
Name of publisher, distributor, etc. Edward Arnold
Date of publication, distribution, etc. 1967
300 ## - PHYSICAL DESCRIPTION
Extent vii, 64 p. (chiefly illus., part col.)
Dimensions 31 cm.
650 #0 - SUBJECT ADDED ENTRY--TOPICAL TERM
Topical term or geographic name as entry element Steam
942 ## - ADDED ENTRY ELEMENTS (KOHA)
Koha item type Corporate Publication
Holdings
Date acquired Piece designation (barcode) Koha item type Copy number Source of classification or shelving scheme Koha normalized classification for sorting Koha date last seen Price effective from Shelving location Lost status Location (home branch) Koha full call number Not for loan Withdrawn status Damaged status Sublocation or collection (holding branch)
2015-04-1218295Corporate Publication1 621_101084000000000_ELE_19672015-04-122015-04-12Circulation section Central Library, BUET621.101084/ELE/1967   Central Library, BUET
2015-04-1218293Corporate Publication2 621_101084000000000_ELE_19672015-04-122015-04-12Circulation section Central Library, BUET621.101084/ELE/1967   Central Library, BUET
2015-04-1213166Corporate Publication3 621_101084000000000_ELE_19672015-04-122015-04-12Circulation section Central Library, BUET621.101084/ELE/1967   Central Library, BUET
2015-04-1213162Corporate Publication4 621_101084000000000_ELE_19672015-04-122015-04-12Circulation section Central Library, BUET621.101084/ELE/1967   Central Library, BUET
2015-04-1218297Corporate Publication5 621_101084000000000_ELE_19672015-04-122015-04-12Circulation section Central Library, BUET621.101084/ELE/1967   Central Library, BUET
2015-04-1218296Corporate Publication6 621_101084000000000_ELE_19672015-04-122015-04-12Circulation section Central Library, BUET621.101084/ELE/1967   Central Library, BUET
2015-04-1218294Corporate Publication7 621_101084000000000_ELE_19672015-04-122015-04-12Circulation section Central Library, BUET621.101084/ELE/1967   Central Library, BUET
2015-04-1218300Corporate Publication8 621_101084000000000_ELE_19672015-04-122015-04-12Circulation section Central Library, BUET621.101084/ELE/1967   Central Library, BUET
2015-04-1213163Corporate Publication9 621_101084000000000_ELE_19672015-04-122015-04-12Circulation section Central Library, BUET621.101084/ELE/1967   Central Library, BUET
2015-04-1218299Corporate Publication10 621_101084000000000_ELE_19672015-04-122015-04-12Circulation section Central Library, BUET621.101084/ELE/1967   Central Library, BUET
2015-04-1213165Corporate Publication11 621_101084000000000_ELE_19672015-04-122015-04-12Circulation section Central Library, BUET621.101084/ELE/1967   Central Library, BUET
2015-04-1218302Corporate Publication12 621_101084000000000_ELE_19672015-04-122015-04-12Circulation section Central Library, BUET621.101084/ELE/1967   Central Library, BUET
2015-04-1218301Corporate Publication13 621_101084000000000_ELE_19672015-04-122015-04-12Circulation section Central Library, BUET621.101084/ELE/1967   Central Library, BUET